LEADER 02342nam 2200601 450 001 9910786710703321 005 20230803025929.0 010 $a0-7083-2597-1 035 $a(CKB)2670000000354927 035 $a(EBL)1179566 035 $a(OCoLC)843200354 035 $a(SSID)ssj0000914358 035 $a(PQKBManifestationID)12344255 035 $a(PQKBTitleCode)TC0000914358 035 $a(PQKBWorkID)10863414 035 $a(PQKB)11178688 035 $a(OCoLC)849933644 035 $a(MiAaPQ)EBC1889156 035 $a(MiAaPQ)EBC1179566 035 $a(Au-PeEL)EBL1889156 035 $a(CaPaEBR)ebr10698323 035 $a(CaONFJC)MIL580750 035 $a(EXLCZ)992670000000354927 100 $a20151124h20132013 uy 0 101 0 $aeng 135 $aur|n|---||||| 181 $ctxt 182 $cc 183 $acr 200 10$aCinema and the republic $efilming on the margins in contemporary France /$fJonathan Ervine 210 1$aCardiff, [Wales] :$cUniversity of Wales Press,$d2013. 210 4$dİ2013 215 $a1 online resource (208 p.) 225 1 $aFrench and Francophone Studies 300 $aDescription based upon print version of record. 311 $a0-7083-2596-3 320 $aIncludes bibliographical references and index. 327 $aSeries Editors' Preface; Acknowledgements; Introduction; Cinema and the Republic; The Sans-papiers on Screen - ContextualisingImmigrant Experiences in Film; Double peine: The Challenges of MobilisingSupport for Foreign Criminals via Cinema; Challenging or Perpetuating Cliche?s? YoungPeople and the Police in France's Banlieues; Challenging Stereotypes about France's Banlieues by Shifting the Focus?; Conclusion; Notes; Filmography and Bibliography; Index 330 $aA thought-provoking study of what contemporary French cinema has to say about immigration and social cohesion. 410 0$aFrench and francophone studies. 606 $aMotion pictures$xHistory 606 $aMotion pictures$vBibliography 615 0$aMotion pictures$xHistory. 615 0$aMotion pictures 676 $a791.430944 700 $aErvine$b Jonathan$01501455 801 0$bMiAaPQ 801 1$bMiAaPQ 801 2$bMiAaPQ 906 $aBOOK 912 $a9910786710703321 996 $aCinema and the republic$93728582 997 $aUNINA LEADER 02250nam 2200553 450 001 9910788167403321 005 20230124191402.0 010 $a1-931448-28-0 010 $a1-931448-29-9 035 $a(CKB)2670000000600658 035 $a(SSID)ssj0001531550 035 $a(PQKBManifestationID)12644983 035 $a(PQKBTitleCode)TC0001531550 035 $a(PQKBWorkID)11473287 035 $a(PQKB)10397419 035 $a(MiAaPQ)EBC1980104 035 $a(Au-PeEL)EBL1980104 035 $a(CaPaEBR)ebr11027461 035 $a(CaONFJC)MIL740873 035 $a(OCoLC)905919491 035 $a(EXLCZ)992670000000600658 100 $a20150311h20152015 uy 0 101 0 $aeng 135 $aurcnu|||||||| 181 $ctxt 182 $cc 183 $acr 200 10$aUSB complete $ethe developer's guide /$fJan Axelson 205 $aFifth edition. 210 1$aMadison, Wisconsin :$cLakeview Research,$d2015. 210 4$dİ2015 215 $a1 online resource (444 pages) $cillustrations, tables 300 $aIncludes index. 311 $a1-336-09587-3 311 $a1-931448-31-0 327 $aUSB basics -- Inside USB transfers -- A transfer type for every purpose -- Enumeration : how the host learns about devices -- Control transfers : structured requests for critical data -- Chip choices -- Device classes -- How the host communicates -- Matching a driver to a device -- Detecting devices -- Human interface devices : capabilities -- Human interface devices : reports -- Human interface devices : host application -- Using WinUSB for vendor-defined functions -- Using WinUSB's system INF file -- Using hubs to extend and expand the bus -- Managing power -- Testing and debugging -- Packets on the bus -- Electrical and mechanical interface -- Hosts for embedded systems. 606 $aUSB (Computer bus) 606 $aParallel programming (Computer science)$xResearch 615 0$aUSB (Computer bus) 615 0$aParallel programming (Computer science)$xResearch. 676 $a004.64 700 $aAxelson$b Jan$01467847 801 0$bMiAaPQ 801 1$bMiAaPQ 801 2$bMiAaPQ 906 $aBOOK 912 $a9910788167403321 996 $aUSB complete$93714858 997 $aUNINA